| 000 | 00592nam a2200169 4500 | ||
|---|---|---|---|
| 001 | 140423 | ||
| 003 | ES-MaACL | ||
| 005 | 20230906200056.0 | ||
| 007 | t| | ||
| 008 | 070214s1967 sp r ||||1| spa d | ||
| 100 | 1 |
_aSchweig, Karl F. _9104895 |
|
| 245 | 1 | 0 |
_aCómo se organiza un congreso / _cKarl F. Schweig ; traducción y adaptación de la Oficina Técnica y Auxiliar de Congresos. |
| 260 |
_aBarcelona : _bScholz, _c1967. |
||
| 300 |
_a239 p., 5 lám. : _bil. ; _c27 cm + _e1 map. |
||
| 710 | 2 |
_aOficina Técnica y Auxiliar de Congresos. _96027 |
|
| 852 |
_aES-MaACL _jC-32339 _bR.63159 |
||
| 999 |
_c140423 _d140423 |
||